Дело о разрешении вопроса: подходят ли под всемилостивейший манифест 30 августа 1814 года преступники по первым двум пунктам и с...

Доступно только в Электронных читальных залах Найти на картеНа карте
RUSMARC
00003781nmc2a22000003x 450
00111730808-cf7a-4b0e-937f-0b53b39b152e
00520190205204320.0
100##$a20170626l18141814k l0rusy0189 ca
1010#$arus
102##$aRU
2001#$aДело о разрешении вопроса: подходят ли под всемилостивейший манифест 30 августа 1814 года преступники по первым двум пунктам и святотатцы
$j16-23 ноября 1814 .
251##$cДело
300##$aДело
801#0$aRU
$bРГИА
$c20170626
$gRCR
801#1$aRU
$bГлавНИВЦ
$c20170626
$2rusmarc
801#2$aRU
$bПБ им. Б.Н. Ельцина
$c20190205
$gRCR
$2rusmarc
850##$aРГИА
852##$aРГИА
$eФедеральное казенное учреждение "Российский государственный исторический архив" (РГИА)
$j17
937##$hРГИА
$d12269403
$aASBIBLIO_SCAN
462#0$10018f6de931-297c-4879-9713-8ccbd4a7d611
$12001
$aДела, представленные департаментами Государственного совета на рассмотрение общего собрания за 1814 год
$1251
$cОпись
$1852
$j1
$l1814 г.-ОС
461#0$100172577c24-f015-4925-97ce-d86d16863e57
$12001
$aОбщее собрание Государственного совета
$1251
$cФонд
$1852
$j1148
215##$a7 л.
$d36,5х26 см
371##$aДокумент не является опубликованным и широко распространяемым
105##$ay###
1222#$ad
035##$a11730808-cf7a-4b0e-937f-0b53b39b152e
856##$uhttp://readingroom.main.prlib.ru/item.aspx?id_node=n124656534&mode=full
Формат отображения